[Event "Gibraltar Amateur op-B"]
[Site "Caleta"]
[Date "2019.01.27"]
[Round "2"]
[White "Bizcocho Mellado, Gregorio"]
[Black "Pink, Joshua"]
[Result "0-1"]
[WhiteElo "1771"]
[BlackElo "1890"]
[PlyCount "148"]
[EventDate "2019.01.26"]
[EventType "swiss"]
[EventRounds "5"]
[EventCountry "GGB"]
[SourceTitle "EXT 2021"]
[Source "ChessBase"]
[SourceDate "2020.10.23"]
[SourceVersion "1"]
[SourceVersionDate "2020.10.23"]
[SourceQuality "1"]

1. e4 c6 2. d4 d5 3. exd5 cxd5 4. f4 Nc6 5. Nf3 Bg4 6. c3 e6 7. Bd3 Bd6 8. 0-0 Nge7 9. Qe1 Bxf3 10. Rxf3 Qc7 11. a4 0-0-0 12. Na3 a6 13. b4 Nb8 14. b5 a5 15. b6 Qd7 16. Nb5 Nbc6 17. Nxd6+ Qxd6 18. Ba3 Qd7 19. Bb5 Nf5 20. Bc5 Nd6 21. Rc1 h6 22. c4 Nxc4 23. Bxc4 dxc4 24. Rxc4 Qd5 25. Rfc3 Kd7 26. Qg3 Qf5 27. Rc1 Rhg8 28. Ba3 g5 29. fxg5 Qxg5 30. Qc7+ Ke8 31. g3 Qe3+ 32. Kh1 Qxa3 33. Qxb7 Qf3+ 34. Kg1 Nxd4 35. Qxf3 Nxf3+ 36. Kf2 Ne5 37. Rc8 Nd3+ 38. Ke3 Nxc1 39. b7 Kd7 40. b8Q Rxc8 41. Qb7+ Rc7 42. Qb5+ Ke7 43. Qxa5 Rgc8 44. Qb4+ Ke8 45. Qb5+ Kd8 46. Qb6 Nb3 47. a5 Ke8 48. Qb5+ Kf8 49. Qb4+ Kg8 50. Qg4+ Kh8 51. Kf2 Rc2+ 52. Kg1 Nxa5 53. Qh5 Nb7 54. Qxh6+ Kg8 55. Qg5+ Kf8 56. Qh6+ Ke8 57. Qh8+ Kd7 58. Qd4+ Nd6 59. Qa7+ R8c7 60. Qa4+ Ke7 61. Qh4+ f6 62. Qh7+ Nf7 63. Qd3 R2c3 64. Qd4 e5 65. Qb4+ Nd6 66. Qh4 R7c4 67. Qh7+ Nf7 68. Qg8 Rc2 69. Qa8 e4 70. Qa7+ Kf8 71. Qa3+ Kg7 72. Qa8 e3 73. Qa5 Rc1+ 74. Kg2 e2 0-1

[Event "Gibraltar Amateur op-B"]
[Site "Caleta"]
[Date "2019.01.26"]
[Round "1"]
[White "Izzard, Brian J"]
[Black "Bizcocho Mellado, Gregorio"]
[Result "0-1"]
[WhiteElo "1670"]
[BlackElo "1771"]
[PlyCount "92"]
[EventDate "2019.01.26"]
[EventType "swiss"]
[EventRounds "5"]
[EventCountry "GGB"]
[SourceTitle "EXT 2021"]
[Source "ChessBase"]
[SourceDate "2020.10.23"]
[SourceVersion "1"]
[SourceVersionDate "2020.10.23"]
[SourceQuality "1"]

1. d4 Nf6 2. Nc3 g6 3. Bg5 Bg7 4. e3 d6 5. Nf3 b6 6. Bc4 Bb7 7. Qe2 Nbd7 8. Rd1 0-0 9. 0-0 c5 10. Rfe1 a6 11. a4 Ne4 12. Nxe4 Bxe4 13. c3 Bb7 14. e4 Re8 15. e5 d5 16. Ba2 c4 17. Qd2 Nf8 18. Bb1 b5 19. h4 Bc8 20. Bh6 Bg4 21. Bxg7 Kxg7 22. Re3 bxa4 23. Rde1 Bxf3 24. Rxf3 e6 25. h5 Rb8 26. hxg6 fxg6 27. Rh3 Kg8 28. g3 Rb7 29. Kg2 Qb6 30. Reh1 Ree7 31. Qg5 Rg7 32. Rh6 Qxb2 33. Bxg6 Rxg6 34. Rxg6+ Nxg6 35. Qd8+ Nf8 36. Rh4 Rg7 37. Rf4 Qa3 38. Qc8 a5 39. Qa8 Qe7 40. Qxa5 a3 41. Qa8 Rf7 42. Rg4+ Kh8 43. Qb8 a2 44. Qa8 Qa7 45. Qd8 a1Q 46. Qg5 Rg7 0-1